Vehicle maintenance and repair : Level 1 (Record no. 78339)

MARC details
000 -LEADER
fixed length control field 01347nam a2200217 a 4500
008 - FIXED-LENGTH DATA ELEMENTS--GENERAL INFORMATION
fixed length control field 190822s2012 ||||||||||||||||| || u
020 ## - INTERNATIONAL STANDARD BOOK NUMBER
International Standard Book Number 9781408064221
050 ## - LIBRARY OF CONGRESS CALL NUMBER
Classification number TL 152 Ham
100 ## - MAIN ENTRY--PERSONAL NAME
Personal name Brown, Julian
245 10 - TITLE STATEMENT
Title Vehicle maintenance and repair : Level 1
Statement of responsibility, etc By Patrick Hamilton ; John Rooke ; Julian Brown
260 ## - PUBLICATION, DISTRIBUTION, ETC. (IMPRINT)
Place of publication, distribution, etc Hampshire
Name of publisher, distributor, etc Cengage Learning
Date of publication, distribution, etc 2012
300 ## - PHYSICAL DESCRIPTION
Extent xii, 259 pages : illustrations
650 ## - SUBJECT ADDED ENTRY--TOPICAL TERM
Topical term or geographic name as entry element AUTOMOBILES--MAINTENANCE AND REPAIR
700 ## - ADDED ENTRY--PERSONAL NAME
Personal name Rooke, John
700 ## - ADDED ENTRY--PERSONAL NAME
Personal name Hamilton, Patrick
995 ## - RECOMMENDATION 995 [LOCAL, UNIMARC FRANCE]
-- 28.16
-- CBU-MAIN LIBRARY (Kitwe)
-- 4
-- AVAILABLE
-- Aug 27, 2019
-- Main Library Open Access Collection
995 ## - RECOMMENDATION 995 [LOCAL, UNIMARC FRANCE]
-- 28.16
-- CBU-MAIN LIBRARY (Kitwe)
-- 2
-- AVAILABLE
-- Aug 27, 2019
-- Main Library Open Access Collection
995 ## - RECOMMENDATION 995 [LOCAL, UNIMARC FRANCE]
-- 28.16
-- CBU-MAIN LIBRARY (Kitwe)
-- 5
-- AVAILABLE
-- Aug 27, 2019
-- Main Library Open Access Collection
995 ## - RECOMMENDATION 995 [LOCAL, UNIMARC FRANCE]
-- 28.16
-- CBU-MAIN LIBRARY (Kitwe)
-- 3
-- AVAILABLE
-- Aug 27, 2019
-- Main Library Open Access Collection
995 ## - RECOMMENDATION 995 [LOCAL, UNIMARC FRANCE]
-- 28.16
-- CBU-MAIN LIBRARY (Kitwe)
-- 1
-- AVAILABLE
-- Aug 27, 2019
-- Main Library Open Access Collection
Holdings
Withdrawn status Lost status Source of classification or shelving scheme Damaged status Not for loan Permanent Location Current Location Shelving location Date acquired Total Checkouts Full call number Barcode Date last seen Copy number Price effective from Koha item type
          CBU-MAIN LIBRARY, KITWE. CBU-MAIN LIBRARY, KITWE.   05/16/2023   TL 152 Ham 749958 05/16/2023 1 05/16/2023 MONOGRAPH
          CBU-MAIN LIBRARY, KITWE. CBU-MAIN LIBRARY, KITWE.   05/16/2023   TL 152 Ham 749956 05/16/2023 2 05/16/2023 MONOGRAPH
          CBU-MAIN LIBRARY, KITWE. CBU-MAIN LIBRARY, KITWE.   05/16/2023   TL 152 Ham 749959 05/16/2023 3 05/16/2023 MONOGRAPH
          CBU-MAIN LIBRARY, KITWE. CBU-MAIN LIBRARY, KITWE.   05/16/2023   TL 152 Ham 749957 05/16/2023 4 05/16/2023 MONOGRAPH
          CBU-MAIN LIBRARY, KITWE. CBU-MAIN LIBRARY, KITWE.   05/16/2023   TL 152 Ham 749955 05/16/2023 5 05/16/2023 MONOGRAPH